000 01999nam0a2200409 i 4500
001 RU\NLR\bibl\1892891
005 20260405235554.0
010 _a9785235035089
_94000
020 _aRU
_9Белое движение : каталог коллекции листовок : (1917-1920) / Рос. нац. б-ка. - Санкт-Петербург, 2000
021 _aRU
_b2012-23628
_91767
035 _a(nilc)LIBNET\0000259709
035 _a(NLR Aleph) 001882569
090 _a2810939
_c2810939
100 _a20120720d2012 u y0rusy50 ca
101 0 _arus
102 _aRU
105 _aa |||||||||
200 1 _aПовседневная жизнь воровского мира Москвы во времена Ваньки Каина
_fЕвгений Акельев
210 _aМосква
_cМолодая гвардия
_d2012
215 _a412,[1] с., [8] л. ил., портр.
_cил., портр., факс.
225 1 _aЖивая история
_eповседневная жизнь человечества
300 _aЗагл. корешка: Воровской мир Москвы во времена Ваньки Каина
320 _aБиблиогр.: с. 411, в примеч.: с. 393-410 и в подстроч. примеч.
516 0 _aВоровской мир Москвы во времена Ваньки Каина
606 1 _aПреступность
_jЛистовки
_xИстория
_yМосква, город
_92563112
_3RU\NLR\auth\661516089
686 _a63.3(2)51-7
_vLBC/M
_2rubbk
686 _aХ2(2)47-62
686 _aТ3(2)47-75
700 1 _aАкельев
_bЕ. В.
_gЕвгений Владимирович
_4070
702 0 _4570
_7ca
_8rus
_aВанька-Каин
_f1718-
_992104
_3RU\NLR\auth\77109179
801 0 _aRU
_bПсковская ОУНБ
_c20120720
_grcr
801 1 _aRU
_bПсковская ОУНБ
_c20120720
801 2 _aRU
_bNLR
_c20120416
_grcr
852 _aNLR
_bФБЛ
942 _cBOOK
980 _aNBR